000 00550nam a22002297a 4500
003 UA-OsUOA
001 70119
007 ta
008 20100830b un ||||| |||| 00| 0 ukr d
100 _aOszalca W.
090 _a821.162.1
942 _cBK
040 _aUA-OsUOA
_bpol
_cUA-OsUOA
_dUA-OsUOA
245 _a...Ty za blizko, my ze daleko...
300 _a159 с.
955 _a3
041 _apol
080 _a821.162.1
260 _c1985
650 7 _a82 Література. Літературознавство
_2UDC
999 _c356353
_d356353